00756nam a2200169 i 4500001000700000003000900007005001700016007000300033008004100036100003300077245020800110260006900318300002200387852003200409999001900441952012600460104560ES-MaACL20230906183633.0t|051201s1960 sp ||||1| spa d1 aMínguez, Alejandro.98134310aSacramentos y cristianismo b: aplicaciones espirituales de la teología sacramentaria a la vida cristiana, según los escritos del V. P. Luis de la Puente, S. J. / cpor el Rvdo. D. Alejandro Minguez. aBurgos : b[s.n.], c1960 (fImp. Hijos de Santiago Rodríguez) a271 p. ; c26 cm. aES-MaACLjC-19889 bR.47659 c104560d104560 00104070aATENEOMbATENEOMcGaleríad2008-01-17eSCl0oC-19889p1109165r2023-02-23 00:00:00w2023-02-23yMONOGRAFIA